000 00706nam a2200265Ia 4500
001 Para_6503
003 CHAP
008 220125s1999 xx 000 0 und d
010 _a205361
040 _cCHAP
090 _aPA FOLLETO 511
110 _aMéxico. Dirección General de Defensa Agrícola
_976968
245 _aMosca del mediterráneo /
_c por DGDA
260 _as.l. :
_b La Dirección
300 _a10 p.
650 _aControl de Plagas
_927595
650 _aMosca del mediterráneo
_978991
901 _aPA FOLLETO 511
902 _aA
905 _a00000019-- 0000000000 00
910 _a19--
942 _cPARA
942 _cPARA
_d1
999 _c205361
_d205361